000
00199 a2200097 4500
001
9302
100
_a
Pallenberg, C
245
_a
Vatican from within.
260
_a
_b
Harrap
_c
090
_c
7471
_d
7471
942
_a
NUST-CAE
_c
M
_c
34124
999
_c
244375
_d
244375